thermodynamique appliquée

Saved in:
Bibliographic Details
Main Author: Van Wylen, Gordon J.
Format: Book
Language:Undetermined
Published: Canada Éditions du Renouveau Pédagogique 1976
Subjects:
Tags: Add Tag
No Tags, Be the first to tag this record!
Institutions: Trung tâm Học liệu Trường Đại học Cần Thơ
LEADER 00539nam a2200169Ia 4500
001 CTU_186528
008 210402s9999 xx 000 0 und d
082 |a 536.7 
082 |b V217 
100 |a Van Wylen, Gordon J. 
245 0 |a thermodynamique appliquée 
245 0 |c Gordon J. Van Wylen, Richard E. Sonntag, Pierre Desrochers 
260 |a Canada 
260 |b Éditions du Renouveau Pédagogique 
260 |c 1976 
650 |a Thermodynamics,Nhiệt động học 
980 |a Trung tâm Học liệu Trường Đại học Cần Thơ